State and Local Government in America (Record no. 196806)
[ view plain ]
| 000 -LEADER | |
|---|---|
| fixed length control field | 01448 a2200181 4500 |
| 003 - CONTROL NUMBER IDENTIFIER | |
| control field | Nust |
| 005 - DATE AND TIME OF LATEST TRANSACTION | |
| control field | 20221221084023.0 |
| 020 ## - INTERNATIONAL STANDARD BOOK NUMBER | |
| International Standard Book Number | 020504574x |
| 040 ## - CATALOGING SOURCE | |
| Transcribing agency | Nust |
| 082 ## - DEWEY DECIMAL CLASSIFICATION NUMBER | |
| Classification number | 320.973,GRA |
| 100 ## - MAIN ENTRY--PERSONAL NAME | |
| Personal name | Grant R. Daniel |
| 9 (RLIN) | 105426 |
| 245 ## - TITLE STATEMENT | |
| Title | State and Local Government in America |
| Remainder of title | Government in America / |
| Statement of responsibility, etc. | Daniel R. Grant & H. C. Nixon |
| 250 ## - EDITION STATEMENT | |
| Edition statement | 3rd ed |
| 300 ## - PHYSICAL DESCRIPTION | |
| Extent | xiii,559 p; |
| 505 ## - FORMATTED CONTENTS NOTE | |
| Formatted contents note | State and Local Government in American Society (Page-1), The States in the Federal Systems (Page-27), Cities in the Federal Systems (Page-58), Liberty Under Law : The Police Power (Page-84), State Constitutions (Page-107), Voters and Voting (Page-139), Parties Nomination and Elections (Page-155), Political Interest Group and Public Opinion (Page-184), The State Legislature General Features (Page-205), State Legislation Process an problems (Page-230), The Governorship (Page-272), The Governor and Administration (Page-289) Problems of Organization and Personnel (Page-307), Finance (Page-330), The Judiciary (Page-355), Local Government The County (Page-375), Local Government The City (Page-391), Local Government: Metroplitiics (Page-418), Law Enforcement Protective and Corrective Activities (Page-456), Public Policy towards Private Enterprise (Page-476), Highways Public Improvements and Natural Resources (Page-491), Education, Health and Welfare (Page-511). |
| 650 ## - SUBJECT ADDED ENTRY--TOPICAL TERM | |
| Topical term or geographic name entry element | Local Government |
| 9 (RLIN) | 25612 |
| 942 ## - ADDED ENTRY ELEMENTS (KOHA) | |
| Source of classification or shelving scheme | |
| Koha item type | Book |
| Call number prefix | 320.973,GRA |
| Withdrawn status | Lost status | Source of classification or shelving scheme | Damaged status | Not for loan | Permanent Location | Current Location | Shelving location | Date acquired | Full call number | Barcode | Date last seen | Price effective from | Koha item type | Public note |
|---|---|---|---|---|---|---|---|---|---|---|---|---|---|---|
| Military College of Signals (MCS) | Military College of Signals (MCS) | General Stacks | 12/12/2016 | 320.973,GRA | MCS21745 | 12/08/2016 | 12/12/2016 | Book | Almirah No.49, Shelf No.5 |
